<?xml version="1.0" encoding="UTF-8"?><?xml-stylesheet type="text/xsl" href="static/style.xsl"?><OAI-PMH xmlns="http://www.openarchives.org/OAI/2.0/" xmlns:xsi="http://www.w3.org/2001/XMLSchema-instance" xsi:schemaLocation="http://www.openarchives.org/OAI/2.0/ http://www.openarchives.org/OAI/2.0/OAI-PMH.xsd"><responseDate>2026-04-13T01:13:31Z</responseDate><request verb="GetRecord" identifier="oai:www.recercat.cat:11351/13604" metadataPrefix="marc">https://recercat.cat/oai/request</request><GetRecord><record><header><identifier>oai:recercat.cat:11351/13604</identifier><datestamp>2025-10-24T08:28:39Z</datestamp><setSpec>com_2072_451660</setSpec><setSpec>com_2072_378040</setSpec><setSpec>col_2072_451662</setSpec></header><metadata><record xmlns="http://www.loc.gov/MARC21/slim" xmlns:dcterms="http://purl.org/dc/terms/" xmlns:xsi="http://www.w3.org/2001/XMLSchema-instance" xmlns:doc="http://www.lyncode.com/xoai" xsi:schemaLocation="http://www.loc.gov/MARC21/slim http://www.loc.gov/standards/marcxml/schema/MARC21slim.xsd">
   <leader>00925njm 22002777a 4500</leader>
   <datafield ind2=" " ind1=" " tag="042">
      <subfield code="a">dc</subfield>
   </datafield>
   <datafield ind2=" " ind1=" " tag="720">
      <subfield code="a">caldú, xavier</subfield>
      <subfield code="e">author</subfield>
   </datafield>
   <datafield ind2=" " ind1=" " tag="720">
      <subfield code="a">SENDER PALACIOS, MARIA JOSÉ</subfield>
      <subfield code="e">author</subfield>
   </datafield>
   <datafield ind2=" " ind1=" " tag="720">
      <subfield code="a">Sánchez Garre, Consuelo</subfield>
      <subfield code="e">author</subfield>
   </datafield>
   <datafield ind2=" " ind1=" " tag="720">
      <subfield code="a">Salas, Paloma</subfield>
      <subfield code="e">author</subfield>
   </datafield>
   <datafield ind2=" " ind1=" " tag="720">
      <subfield code="a">Garolera, Maite</subfield>
      <subfield code="e">author</subfield>
   </datafield>
   <datafield ind2=" " ind1=" " tag="720">
      <subfield code="a">Prunell, Anna</subfield>
      <subfield code="e">author</subfield>
   </datafield>
   <datafield ind2=" " ind1=" " tag="720">
      <subfield code="a">JURADO, MARIA ANGELES</subfield>
      <subfield code="e">author</subfield>
   </datafield>
   <datafield ind2=" " ind1=" " tag="260">
      <subfield code="c">2025-09-03T11:27:01Z</subfield>
   </datafield>
   <datafield ind2=" " ind1=" " tag="260">
      <subfield code="c">2025-09-03T11:27:01Z</subfield>
   </datafield>
   <datafield ind2=" " ind1=" " tag="260">
      <subfield code="c">2025-08</subfield>
   </datafield>
   <datafield ind2=" " ind1=" " tag="520">
      <subfield code="a">Cortisol; Anxiety; Executive functions</subfield>
   </datafield>
   <datafield ind2=" " ind1=" " tag="520">
      <subfield code="a">Cortisol; Ansietat; Funcions executives</subfield>
   </datafield>
   <datafield ind2=" " ind1=" " tag="520">
      <subfield code="a">Cortisol; Ansiedad; Funciones ejecutivas</subfield>
   </datafield>
   <datafield ind2=" " ind1=" " tag="520">
      <subfield code="a">Overweight and obesity are associated with poorer executive functions (EF). The underlying mechanisms contributing to this relationship are not yet conclusive, but cortisol, anxiety, and inflammation are likely among the contributing factors. Our objective was to evaluate whether fibrinogen, tumour necrosis factor alpha (TNFα), cortisol, and anxiety significantly mediate the association between body mass index (BMI) z-score and EF (i.e., working memory, inhibition, cognitive flexibility, and a latent EF component) in both adolescents and adults. In this cross-sectional study, 268 participants aged 11-49 years with BMI values ranging from normal-weight to obesity were medically and neuropsychologically evaluated. Moderated multiple mediation analyses with mediators in parallel were conducted (X: BMI z-score; M: cortisol, anxiety, TNFα, and fibrinogen; Y: executive functions; Moderator: adolescent and adult groups). Our results suggested that TNFα mediated the association between BMI z-score and working memory only in adolescents (indirect effect = 0.09, 95% CI [0.03, 0.19]), whereas in adults, cortisol (indirect effect = -0.06, 95% CI [-0.13, -0.01]) and anxiety (indirect effect = 0.02, 95% CI [0.0001, 0.07]) mediated this association. Additionally, in adults, anxiety also mediated the relationship between BMI z-score and the latent EF component (indirect effect = 0.03, 95% CI [0.004, 0.08]). In the full sample, TNFα significantly mediated the relationship between BMI z-score and inhibition (indirect effect = -0.03, 95% CI [-0.06, -0.002]). In conclusion, our study suggests that inflammation, cortisol, and anxiety are biologically and psychologically plausible mechanisms through which BMI may influence cognitive performance. Large-scale longitudinal studies are needed to confirm these findings and to determine whether the observed associations are age-dependent.</subfield>
   </datafield>
   <datafield ind2=" " ind1=" " tag="520">
      <subfield code="a">This study was supported by a grant (PRE2019-087430) recieved by APC, funded by MICIU/AEI/10.13039/501100011033 and by ‘ESF Investing in your future’. MAJ received grants (PSI2017- 86536-C2-1-R, PSI2013-48045-C2-1-P, and PSI2008-05803-C02-01) and MG received grants (PSI2017-86536-C2-2-R, PSI2013- 48045-C2-2-P, and PSI2008-05803-C02-02), funded by MICIU/AEI/10.13039/501100011033 and the European Regional Development Fund (ERDF). MAJ, MG, XC, and APC have additionally received funding from the Departament d’Innovació, Universitats i Empresa, Generalitat de Catalunya (2021SGR0801). The funders had no role in the design and conduct of the study; collection, management, analysis, and interpretation of the data; preparation, review, or approval of the manuscript; or decision to submit the manuscript for publication.</subfield>
   </datafield>
   <datafield ind1="8" ind2=" " tag="024">
      <subfield code="a">http://hdl.handle.net/11351/13604</subfield>
   </datafield>
   <datafield tag="653" ind2=" " ind1=" ">
      <subfield code="a">Hidrocortisona</subfield>
   </datafield>
   <datafield tag="653" ind2=" " ind1=" ">
      <subfield code="a">Ansietat</subfield>
   </datafield>
   <datafield tag="653" ind2=" " ind1=" ">
      <subfield code="a">Índex de massa corporal</subfield>
   </datafield>
   <datafield tag="653" ind2=" " ind1=" ">
      <subfield code="a">Funció executiva (Neuropsicologia)</subfield>
   </datafield>
   <datafield tag="653" ind2=" " ind1=" ">
      <subfield code="a">CHEMICALS AND DRUGS::Hormones, Hormone Substitutes, and Hormone Antagonists::Hormones::Adrenal Cortex Hormones::Hydroxycorticosteroids::Hormones, Hormone Substitutes, and Hormone Antagonists::Hormones::Adrenal Cortex Hormones::Hydroxycorticosteroids::17-Hydroxycorticosteroids::Hydrocortisone</subfield>
   </datafield>
   <datafield tag="653" ind2=" " ind1=" ">
      <subfield code="a">PSYCHIATRY AND PSYCHOLOGY::Behavior and Behavior Mechanisms::Emotions::Anxiety</subfield>
   </datafield>
   <datafield tag="653" ind2=" " ind1=" ">
      <subfield code="a">PUBLIC HEALTH::Nutrition, Public Health::Nutritional Status::Nutrition Assessment::Anthropometry::Body Mass Index</subfield>
   </datafield>
   <datafield tag="653" ind2=" " ind1=" ">
      <subfield code="a">PSYCHIATRY AND PSYCHOLOGY::Psychological Phenomena::Mental Processes::Executive Function</subfield>
   </datafield>
   <datafield tag="653" ind2=" " ind1=" ">
      <subfield code="a">COMPUESTOS QUÍMICOS Y DROGAS::hormonas, sustitutos de hormonas y antagonistas de hormonas::hormonas::hormonas de la corteza suprarrenal::hidroxicorticosteroides::hormonas, sustitutos de hormonas y antagonistas de hormonas::hormonas::hormonas de la corteza suprarrenal::hidroxicorticosteroides::17-hidroxicorticosteroides::hidrocortisona</subfield>
   </datafield>
   <datafield tag="653" ind2=" " ind1=" ">
      <subfield code="a">PSIQUIATRÍA Y PSICOLOGÍA::conducta y mecanismos de la conducta::emociones::ansiedad</subfield>
   </datafield>
   <datafield tag="653" ind2=" " ind1=" ">
      <subfield code="a">ATENCIÓN DE SALUD::ambiente y salud pública::salud pública::medidas epidemiológicas::biometría::antropometría::índice de masa corporal</subfield>
   </datafield>
   <datafield tag="653" ind2=" " ind1=" ">
      <subfield code="a">PSIQUIATRÍA Y PSICOLOGÍA::fenómenos psicológicos::procesos mentales::función ejecutiva</subfield>
   </datafield>
   <datafield ind2="0" ind1="0" tag="245">
      <subfield code="a">Cortisol, Anxiety, and TNFα Mediate the Relationship Between BMI and Executive Functions</subfield>
   </datafield>
</record></metadata></record></GetRecord></OAI-PMH>